Statistiques concernant Les mois de l'année en 15 secondes

Cliquez ici pour prendre le quiz!

Statistiques générales

  • Ce quiz a été pris 1,289 fois
  • Le résultat moyen est 7 sur 12

Statistiques - réponses

Réponse % Correct
janvier
94%
mars
87%
fevrier
86%
avril
82%
mai
79%
juin
76%
juillet
63%
août
52%
septembre
39%
octobre
31%
novembre
21%
décembre
15%

Distribution des résultats

Percentile par nombre de réponses

% des personnes avec chaque résultat

Votre développement - résultats

Vous n’avez pas pris ce quiz